000 00689naa a2200229 i 4500
001 29679
003 ES-MaBCM
005 20241016095016.0
008 940418s1994 fra 000 0 fre d
021 _axx
035 _a(OCoLC)1365127941
040 _cES-MaBCM
041 0 _afre
043 _afra
100 1 _aLesclous, Vincent
_926405
245 1 2 _aL'appretiation des actes administratifs par le juge repressif
_cVincent Lesclous
650 7 _aActo administrativo
_957432
650 2 7 _aControl administrativo externo
_958107
651 4 _aFrancia
_9115364
773 0 _aEn:
_tLa semaine juridique
_dParis : 1994
_w104649
_gnÂș 11, mars, p. 143-147. - Loc. S.302
942 _cAREV
999 _c29679
_d29679